Mother's Relation to new born baby/ (Record no. 198819)

MARC details
000 -LEADER
fixed length control field 00603nam a22001937a 4500
005 - DATE AND TIME OF LATEST TRANSACTION
control field 20231122125215.0
010 ## - LCCN (DPL NO)
LC control number ENG-138285
020 ## - INTERNATIONAL STANDARD BOOK NUMBER
Terms of availability 400.00
International Standard Book Number 9788170547006
035 ## - SYSTEM CONTROL NUMBER
System control number EN-121817
037 ## - SOURCE OF ACQUISITION
Source of stock number/acquisition DBAD/PUB
082 ## - DEWEY DECIMAL CLASSIFICATION NUMBER
Classification number 649.122
100 ## - MAIN ENTRY--PERSONAL NAME
Personal name Renu
245 ## - TITLE STATEMENT
Title Mother's Relation to new born baby/
Statement of responsibility, etc by Renu kumari
260 ## - PUBLICATION, DISTRIBUTION, ETC. (IMPRINT)
Place of publication, distribution, etc Karampura
Name of publisher, distributor, etc B. K. Taneja Classical Publishing Company
Date of publication, distribution, etc 2016
270 ## - ADDRESS
City New Delhi
Address 28- Shopping Center, Karampura
Postal code 110015
300 ## - PHYSICAL DESCRIPTION
Extent 128p.
Dimensions 23cm (hb)
700 ## - ADDED ENTRY--PERSONAL NAME
Personal name Banik , Sharmila Dutta
9 (RLIN) 58942
942 ## - ADDED ENTRY ELEMENTS (KOHA)
Source of classification or shelving scheme Dewey Decimal Classification
Item type English Books
Classification part 649.122
Call number suffix REN
Holdings
Withdrawn status Lost status Not for loan Collection code Home library Current library Date acquired Source of acquisition Cost, normal purchase price Full call number Barcode Copy number Cost, replacement price Koha item type
      Non-fiction Bawana Bawana 18/10/2023 DBAD/PUB 400.00 649.122 REN EN-121817 1 400.00 English Books

© Delhi Public Library
Hit Counter
free hit counter